LIBRARY ONLINE CATALOGUE

Food Microbiology (Record no. 18649)

MARC details
000 -LEADER
fixed length control field 00429nam a22001457a 4500
008 - FIXED-LENGTH DATA ELEMENTS--GENERAL INFORMATION
fixed length control field 201204b xxu||||| |||| 00| 0 eng d
020 ## - INTERNATIONAL STANDARD BOOK NUMBER
International Standard Book Number 1498708784
050 ## - LIBRARY OF CONGRESS CALL NUMBER
Classification number QR201
Item number .F66 2016 c.1
245 ## - TITLE STATEMENT
Title Food Microbiology
Remainder of title in Human Health and Diseases
Statement of responsibility, etc. Edited by nancy M. Khardori
260 ## - PUBLICATION, DISTRIBUTION, ETC. (IMPRINT)
Place of publication, distribution, etc. London
Name of publisher, distributor, etc. CRC Press
Date of publication, distribution, etc. 2016
300 ## - PHYSICAL DESCRIPTION
Extent vi, 186p.
650 ## - SUBJECT ADDED ENTRY--TOPICAL TERM
Topical term or geographic name as entry element Foodborne diseases
650 ## - SUBJECT ADDED ENTRY--TOPICAL TERM
Topical term or geographic name as entry element Food
Form subdivision Microbiology
942 ## - ADDED ENTRY ELEMENTS (KOHA)
Source of classification or shelving scheme Library of Congress Classification
Koha item type General Collection
Holdings
Withdrawn status Lost status Source of classification or shelving scheme Not for loan Home library Current library Date acquired Cost, normal purchase price Total Checkouts Full call number Barcode Date last seen Price effective from Koha item type
    Library of Congress Classification   Kabarak, Main Campus Kabarak, Main Campus 04/12/2020 10439.00   QR201 .F66 2016 c.1 029428 04/12/2020 04/12/2020 General Collection